000 01795cam a22004454i 4500
003 PE-LiUPU
005 20250731173147.0
008 150623s r 000 0 d
020 _a0801064570
035 _a(Sirsi) i9780801064579
040 _aPE-LiUPU
_bspa
_cPE-LiUPU
_erda
049 _aPRUA
082 0 4 _a262.1
_bM26U
_221
100 1 _aMarshall, Tom,
_eautor.
245 1 0 _aUnderstanding leadership /
_cTom Marshall.
264 1 _aGrand Rapids, Michigan :
_bBaker Books,
_c2003.
300 _a224 páginas ;
_c22 centímetros
336 _atext
_2rdacontent
337 _aunmediated
_2rdamedia
338 _avolume
_2rdacarrier
505 0 _aWhat is leadership?. Foresight-the leader's lead. Goals -the leader's aim. The question of timing. Imparting the vision. Danget-power at work. The redemption of power. The redemption of leadership. How to become a servant leader. The status syndrome. Coping with criticism. Authority-the leader's mantle. Biblical stress management. Relationships-the leader's network. Trust-the cost of commitment. Who cares? love and leadership.
526 _aSEG42
526 _aSEG41
526 _aSEG40
526 _aSEG39
526 _aP94
526 _aP87
526 _aP86
526 _aP85
526 _aP77
526 _aP76
526 _aP35
650 0 4 _aLiderazgo
_xAspectos cristianos.
942 _2ddc
_cBOOK
949 _a262.1 M26U
_wDEWEY
_c1
_i53314
_lCCODEBUL1
_mBUL
_r0
_sY
_tBOOK
_u2015-6-24
_xTEOLOGIA
_PP35
_0COMPRA
_o.STAFF. Colección General
994 _aC0
_bPEPRU
596 _a1
999 _a262.1 M26U
_wDEWEY
_c35276
_i53314
_f2021-11-10
_g5
_lCCODEBUL1
_mBUL
_r0
_sY
_tBOOK
_u2015-6-24
_xTEOLOGIA
_PP35
_0COMPRA
_o.STAFF. Colección General
_d35276
980 _81
_gALBERTO SANCHEZ Responsable de Automatización